00632 a2200205 4500041000800000082002100008100004200029100001700071245003100088260004000119300001400159500014400173518001500317650001600332650001700348650001300365650001500378650001800393653001500411 aEng a136.7354bSch58c aSchneiders, Alexander aloysius, 1909- aContributors aCounseling the adolescent  aSan FranciscobCalif Chandlerc1967 axv, 489p. aCompilation of selected proceedings from workshops held at Mount Saint agnes College on mental health adolescent development and counseling a2067-10-27 aAdolescence aCounselling  aEmotions aAdolescent aMental health aPsychology